000 00534nam a2200181Ia 4500
008 100920s9999 xx 000 0 und d
082 _b102422
_a891.43 न 08
100 _aभाटिया सुदर्शन.
245 _aमंथन.
260 _bअभिव्यक्ती प्रकाशन , दिल्ली.
_c2008
300 _a128
_bसाधी
365 _b150
520 _aहिंदी.
630 _aमंथन.
650 _aहिंदी.
730 _aमंथन.
942 _cBOOK
999 _c742855
_d742852